000 01340nam a2200229Ia 4500
003 Ost
005 20260507075031.0
008 260507s9999||||xx |||||||||||||| ||und||
040 _cfsecg
041 _aara
082 _a330
100 _aالحناوي، محمد صلاح
_eمؤلف
245 0 _aالإدارة المالية :
_bمدخل القيمة وإتخاذ القرارات /
_c محمد صلاح الحناوي
260 _aالإسكندرية:
_bالدار الجامعية,
_c2006
300 _a518 صفحة؛
_bإيضاحات ؛
_c24 سم
520 _aإطلالة عامة على الإدارة المالية، التنبؤ المالي، قرارات الإنفاق الرأسمالي في ظل ظروف التأكد، قرارات الإتفاق الرأسمالي في ظل ظروف الخطر، الهيكل المالي، تكلفة الأموال، تأثير هيكل رأس المال على القيمة المنشاة، تاثير التوزيعات على قيمة المنشأة، تقييم الأداء المالي، الإتجاهات الحديثة في تقييم أداء المنشآت
653 _aإتخاذ القرار
653 _aالإدارة
653 _aالإدارة المالية
700 _aالعبد، جلال ابراهيم
_eمؤلف ثانوي
942 _cكتاب
999 _c42397
_d42397